| 000 | 00795nam a2200205 4500 | ||
|---|---|---|---|
| 001 | 122599 | ||
| 003 | ES-MaACL | ||
| 005 | 20250915180944.0 | ||
| 007 | t| | ||
| 008 | 070214s1938 ag r ||||1| spa d | ||
| 100 | 1 |
_aPuig, Ignacio. _994227 |
|
| 245 | 1 | 0 |
_aActualidades científicas _b: 3 series de artículos publicados en el diario católico argentino `El Pueblo` / _cIgnacio Puig. |
| 260 |
_aBuenos Aires : _bB. Pezza & Cia, _c1938. |
||
| 300 |
_a3 v. : _bil. ; _c19 cm. |
||
| 490 | 1 | _aBiblioteca Científica del Observatorio de Física Cósmica de San Miguel | |
| 650 | 4 |
_aCiencia- _vObras de divulgación _910959 |
|
| 830 | 0 |
_aBiblioteca Científica del Observatorio de Física Cósmica de San Miguel _9218855 |
|
| 852 |
_aES-MaACL _jB-9256-58 _bR.18193 |
||
| 999 |
_c122599 _d122599 |
||